[Event "Uljanovsk Volga op"]
[Site "Uljanovsk"]
[Date "2016.01.08"]
[Round "8"]
[White "Dobrocmyslov, Artem"]
[Black "Abdulyazanov, Malik"]
[Result "0-1"]
[WhiteElo "2119"]
[BlackElo "2327"]
[PlyCount "58"]
[EventDate "2016.01.05"]
[EventType "swiss"]
[EventRounds "9"]
[EventCountry "RUS"]
[SourceTitle "CBM 170 Extra"]
[Source "ChessBase"]
[SourceDate "2016.02.25"]
[SourceVersion "1"]
[SourceVersionDate "2016.02.25"]
[SourceQuality "1"]

1. d4 d5 2. Nf3 Nf6 3. c4 c6 4. Nc3 dxc4 5. a4 Bf5 6. Nh4 Bg4 7. h3 Bh5 8. g4 Bg6 9. Nxg6 hxg6 10. e3 e6 11. Bxc4 Bb4 12. Kf1 Nbd7 13. Kg2 a5 14. Bd2 Qe7 15. Qc2 e5 16. f4 exd4 17. exd4 0-0 18. g5 Ne8 19. h4 Nb6 20. Ba2 Bxc3 21. Rae1 Qd7 22. bxc3 Nd5 23. Kf3 Nd6 24. Re5 Rfe8 25. Bxd5 cxd5 26. Rxd5 Qc6 27. Qb3 Nc4 28. Qb5 Nxd2+ 29. Kf2 Qxc3 0-1

[Event "Uljanovsk Volga op"]
[Site "Uljanovsk"]
[Date "2016.01.07"]
[Round "5"]
[White "Abdulyazanov, Malik"]
[Black "Peruhin, Anatoliy"]
[Result "1-0"]
[WhiteElo "2327"]
[BlackElo "1694"]
[PlyCount "53"]
[EventDate "2016.01.05"]
[EventType "swiss"]
[EventRounds "9"]
[EventCountry "RUS"]
[SourceTitle "CBM 170 Extra"]
[Source "ChessBase"]
[SourceDate "2016.02.25"]
[SourceVersion "1"]
[SourceVersionDate "2016.02.25"]
[SourceQuality "1"]

1. e4 d6 2. d4 Nf6 3. Nc3 g6 4. f3 Bg7 5. Be3 c6 6. Qd2 Nbd7 7. 0-0-0 Qa5 8. Kb1 b5 9. Bh6 Bxh6 10. Qxh6 Nb6 11. e5 Nfd5 12. Nxd5 Nxd5 13. Qg7 Rf8 14. exd6 exd6 15. Bd3 Be6 16. Ne2 b4 17. b3 Nc3+ 18. Nxc3 bxc3 19. Ka1 Qa3 20. Rb1 a5 21. d5 cxd5 22. Bb5+ Ke7 23. Rhe1 Qc5 24. Rxe6+ Kxe6 25. Re1+ Kf5 26. Bd7+ Kg5 27. f4+ 1-0

[Event "Uljanovsk Povolje op"]
[Site "Uljanovsk"]
[Date "2014.08.30"]
[Round "8"]
[White "Kolosov, Anatoly G"]
[Black "Abdulyazanov, Malik"]
[Result "0-1"]
[WhiteElo "1900"]
[BlackElo "2323"]
[PlyCount "54"]
[EventDate "2014.08.26"]
[EventType "swiss"]
[EventRounds "9"]
[EventCountry "RUS"]
[SourceTitle "CBM 162 Extra"]
[Source "ChessBase"]
[SourceDate "2014.10.17"]
[SourceVersion "1"]
[SourceVersionDate "2014.10.17"]
[SourceQuality "1"]

1. e4 c5 2. Nf3 d6 3. d4 cxd4 4. Nxd4 Nf6 5. Nc3 a6 6. Be2 e6 7. 0-0 Nbd7 8. Nb3 Qc7 9. f4 b5 10. f5 e5 11. Bg5 Bb7 12. Bf3 Be7 13. Rc1 0-0 14. g4 b4 15. Bxf6 Nxf6 16. Nd5 Nxd5 17. exd5 Bg5 18. Rb1 Rfc8 19. Be4 a5 20. f6 g6 21. Qe1 a4 22. h4 Bf4 23. Rxf4 exf4 24. Qd2 axb3 25. Qxf4 bxc2 26. Bxc2 Qc5+ 27. Kh1 Qxd5+ 0-1

[Event "Uljanovsk Povolje op"]
[Site "Uljanovsk"]
[Date "2014.08.29"]
[Round "6"]
[White "Pirogov, Vyatchslav"]
[Black "Abdulyazanov, Malik"]
[Result "1/2-1/2"]
[WhiteElo "2339"]
[BlackElo "2323"]
[PlyCount "25"]
[EventDate "2014.08.26"]
[EventType "swiss"]
[EventRounds "9"]
[EventCountry "RUS"]
[SourceTitle "CBM 162 Extra"]
[Source "ChessBase"]
[SourceDate "2014.10.17"]
[SourceVersion "1"]
[SourceVersionDate "2014.10.17"]
[SourceQuality "1"]

1. d4 d5 2. Nc3 c6 3. e4 dxe4 4. Nxe4 Bf5 5. Ng3 Bg6 6. h4 h6 7. Nh3 Nf6 8. Nf4 Bh7 9. Bc4 e6 10. Qe2 Bd6 11. c3 0-0 12. Nfh5 Nbd7 13. Nxf6+ 1/2-1/2

[Event "Uljanovsk op"]
[Site "Uljanovsk"]
[Date "2009.08.29"]
[Round "7"]
[White "Abdulyazanov, Malik"]
[Black "Saveliev, Dmitri"]
[Result "1-0"]
[WhiteElo "2333"]
[BlackElo "2168"]
[PlyCount "99"]
[EventDate "2009.08.26"]
[EventType "swiss"]
[EventRounds "9"]
[EventCountry "RUS"]
[SourceTitle "CBM 132 Extra"]
[Source "ChessBase"]
[SourceDate "2009.11.03"]
[SourceVersion "1"]
[SourceVersionDate "2009.11.03"]
[SourceQuality "1"]

1. e4 d6 2. d4 Nf6 3. Nc3 g6 4. Nf3 Nc6 5. Be2 Bg4 6. Be3 e5 7. d5 Ne7 8. 0-0 Bg7 9. Nd2 Bxe2 10. Qxe2 c6 11. dxc6 bxc6 12. Rfd1 Qb8 13. Nb3 a5 14. a4 0-0 15. Rd2 Rd8 16. Rad1 h6 17. f3 Bf8 18. f4 exf4 19. Bxf4 Nc8 20. e5 Re8 21. Qf3 dxe5 22. Be3 Bg7 23. Qxc6 Ne7 24. Qb5 Nf5 25. Qxb8 Raxb8 26. Bc5 e4 27. Nb5 e3 28. Re2 Ng4 29. c3 Be5 30. g3 h5 31. Nxa5 h4 32. gxh4 Nxh4 33. Nc6 Rb7 34. Nxe5 Rxe5 35. Rd8+ Kh7 36. Bd4 Nf3+ 37. Kg2 Nxd4 38. Nxd4 f5 39. b4 Rc7 40. Nf3 Ree7 41. Rd3 f4 42. Rd4 Nh6 43. Rxf4 Rxc3 44. b5 Nf5 45. Rb4 Ra3 46. b6 Rb7 47. Ng5+ Kh6 48. Ne6 Kh5 49. Nc5 Rf7 50. b7 1-0

[Event "Uljanovsk Privolje op"]
[Site "Uljanovsk"]
[Date "2009.02.05"]
[Round "9"]
[White "Predke, Alexandr"]
[Black "Abdulyazanov, Malik"]
[Result "1-0"]
[WhiteElo "2324"]
[BlackElo "2328"]
[PlyCount "76"]
[EventDate "2009.01.31"]
[EventType "swiss"]
[EventRounds "9"]
[EventCountry "RUS"]
[SourceTitle "EXT 2022"]
[Source "ChessBase"]
[SourceDate "2021.10.06"]
[SourceVersion "1"]
[SourceVersionDate "2021.10.06"]
[SourceQuality "1"]

1. c4 Nf6 2. Nf3 g6 3. b3 Bg7 4. Bb2 0-0 5. e3 c5 6. Be2 Nc6 7. d4 cxd4 8. Nxd4 d5 9. Nxc6 bxc6 10. Nd2 Re8 11. 0-0 e5 12. Nf3 Qd6 13. Rc1 Bg4 14. h3 Bxf3 15. Bxf3 e4 16. Be2 Ng4 17. Bxg4 Bxb2 18. Rc2 Ba3 19. cxd5 cxd5 20. Qd4 h5 21. Be2 Re5 22. Rd1 a5 23. h4 Rd8 24. g3 Qe7 25. Qb6 Bb4 26. Rc7 Qd6 27. Rc6 Qe7 28. Rdc1 Re6 29. Rxe6 fxe6 30. Rc6 Rd6 31. Rc8+ Kf7 32. Qb8 Rd7 33. Qf4+ Kg7 34. Qe5+ Qf6 35. Rg8+ Kf7 36. Qb8 Ke7 37. Bb5 Qf7 38. Bxd7 Kxd7 1-0

[Event "Uljanovsk Privolje op"]
[Site "Uljanovsk"]
[Date "2009.02.01"]
[Round "3"]
[White "Saveliev, Dmitri"]
[Black "Abdulyazanov, Malik"]
[Result "0-1"]
[WhiteElo "2184"]
[BlackElo "2328"]
[PlyCount "66"]
[EventDate "2009.01.31"]
[EventType "swiss"]
[EventRounds "9"]
[EventCountry "RUS"]
[SourceTitle "EXT 2022"]
[Source "ChessBase"]
[SourceDate "2021.10.06"]
[SourceVersion "1"]
[SourceVersionDate "2021.10.06"]
[SourceQuality "1"]

1. d4 d5 2. Nf3 Nf6 3. c4 dxc4 4. Qa4+ c6 5. Qxc4 Bf5 6. Nc3 e6 7. Bg5 Qb6 8. Bc1 Na6 9. a3 Rd8 10. e3 Be7 11. Bd3 0-0 12. Bxf5 exf5 13. b4 Nc7 14. Na4 Qb5 15. Qxb5 cxb5 16. Nc5 b6 17. Nd3 Ncd5 18. Bd2 Rc8 19. a4 Ne4 20. axb5 Rc2 21. Kd1 Rfc8 22. Nc5 Rxd2+ 23. Nxd2 Nxf2+ 24. Ke2 Nxh1 25. Rxa7 Bg5 26. Nc4 Nc3+ 27. Kf3 Nxb5 28. Rb7 Re8 29. g3 Bxe3 30. Nxe3 Nxd4+ 31. Kg2 bxc5 32. Kxh1 g6 33. Nd5 Re2 0-1

[Event "Uljanovsk Privolje op"]
[Site "Uljanovsk"]
[Date "2009.01.31"]
[Round "1"]
[White "Galkin, Roman"]
[Black "Abdulyazanov, Malik"]
[Result "0-1"]
[WhiteElo "2009"]
[BlackElo "2328"]
[PlyCount "50"]
[EventDate "2009.01.31"]
[EventType "swiss"]
[EventRounds "9"]
[EventCountry "RUS"]
[SourceTitle "EXT 2022"]
[Source "ChessBase"]
[SourceDate "2021.10.06"]
[SourceVersion "1"]
[SourceVersionDate "2021.10.06"]
[SourceQuality "1"]

1. e4 c5 2. Nf3 d6 3. d4 cxd4 4. Nxd4 Nf6 5. Nc3 a6 6. f3 e6 7. Be3 b5 8. Qd2 Bb7 9. g4 h6 10. 0-0-0 Nbd7 11. Qf2 Rc8 12. Kb1 Rxc3 13. bxc3 d5 14. g5 hxg5 15. Bxg5 Be7 16. Ka1 Qc7 17. Qe1 dxe4 18. Bg2 e5 19. fxe4 exd4 20. cxd4 Qxc2 21. Bf3 Rh3 22. Rc1 Qd3 23. Rc3 Qxd4 24. Be3 Qe5 25. Bg2 Bb4 0-1

[Event "Uljanovsk Petrosian Memorial op"]
[Site "Uljanovsk"]
[Date "2008.06.21"]
[Round "6"]
[White "Predke, Alexandr"]
[Black "Abdulyazanov, Malik"]
[Result "1-0"]
[WhiteElo "2164"]
[BlackElo "2350"]
[PlyCount "65"]
[EventDate "2008.06.14"]
[EventType "swiss"]
[EventRounds "9"]
[EventCountry "RUS"]
[SourceTitle "EXT 2022"]
[Source "ChessBase"]
[SourceDate "2021.10.06"]
[SourceVersion "1"]
[SourceVersionDate "2021.10.06"]
[SourceQuality "1"]

1. d4 Nf6 2. Nc3 d5 3. Bg5 Bf5 4. e3 Nbd7 5. f3 c6 6. g4 Bg6 7. Bf4 e6 8. Qd2 Qa5 9. a3 b5 10. Nge2 Nb6 11. b3 Rd8 12. Nc1 Bb4 13. axb4 Qxa1 14. h4 h6 15. Kf2 Ke7 16. h5 Bh7 17. Rg1 Nbd7 18. Bd3 Bxd3 19. Nxd3 Qa3 20. e4 Qa6 21. e5 Ne8 22. g5 hxg5 23. Bxg5+ Kf8 24. h6 g6 25. Bh4 Qb6 26. Ne2 Kg8 27. Qg5 Nf8 28. Nc5 Kh7 29. Nf4 Rg8 30. Nh3 Qc7 31. Qf4 f5 32. Ng5+ Kh8 33. h7 1-0

[Event "Uljanovsk Petrosian Memorial op"]
[Site "Uljanovsk"]
[Date "2008.06.18"]
[Round "5"]
[White "Abdulyazanov, Malik"]
[Black "Olisov, Andrey"]
[Result "1-0"]
[WhiteElo "2350"]
[BlackElo "2001"]
[PlyCount "77"]
[EventDate "2008.06.14"]
[EventType "swiss"]
[EventRounds "9"]
[EventCountry "RUS"]
[SourceTitle "EXT 2022"]
[Source "ChessBase"]
[SourceDate "2021.10.06"]
[SourceVersion "1"]
[SourceVersionDate "2021.10.06"]
[SourceQuality "1"]

1. e4 e6 2. d4 d5 3. Nc3 Nf6 4. Bg5 Be7 5. e5 Nfd7 6. h4 c5 7. Bxe7 Kxe7 8. Nf3 Nc6 9. dxc5 Nxc5 10. Qd2 a6 11. 0-0-0 b5 12. Qg5+ Kf8 13. Qf4 h6 14. Bd3 b4 15. Ne2 Nxd3+ 16. Rxd3 g6 17. Ned4 Nxd4 18. Nxd4 Bd7 19. Rhh3 Kg7 20. Rdg3 h5 21. Rg5 Rc8 22. Qd2 a5 23. Rhg3 Qb6 24. Qd3 Rh6 25. Qe3 Kh7 26. Rf3 Be8 27. Rf4 Rc4 28. Rg3 Qc7 29. Qe1 Kg7 30. b3 Rc5 31. Rf6 Qe7 32. f4 Bd7 33. Qd2 Rh8 34. Qd3 Rh6 35. Qa6 Bc8 36. Qe2 Rh8 37. Qd2 Bd7 38. Qd3 Rc3 39. Qd2 1-0

[Event "Uljanovsk Petrosian Memorial op"]
[Site "Uljanovsk"]
[Date "2008.06.14"]
[Round "1"]
[White "Abdulyazanov, Malik"]
[Black "Anikin, Victor"]
[Result "1-0"]
[WhiteElo "2350"]
[BlackElo "1888"]
[PlyCount "100"]
[EventDate "2008.06.14"]
[EventType "swiss"]
[EventRounds "9"]
[EventCountry "RUS"]
[SourceTitle "EXT 2022"]
[Source "ChessBase"]
[SourceDate "2021.10.06"]
[SourceVersion "1"]
[SourceVersionDate "2021.10.06"]
[SourceQuality "1"]

1. e4 c6 2. d4 e6 3. Bd3 g6 4. c4 Qc7 5. f4 f5 6. exf5 exf5 7. Nf3 d6 8. 0-0 Nf6 9. Re1+ Kd8 10. Nc3 Bg7 11. Be3 Re8 12. Qd2 Be6 13. Re2 Bg8 14. Rae1 Qf7 15. d5 h6 16. Nd4 Qd7 17. Bf2 Rxe2 18. Qxe2 Na6 19. dxc6 bxc6 20. Nxc6+ Kc7 21. Nxa7 Re8 22. Nab5+ Kc8 23. Qf3 Rxe1+ 24. Bxe1 Kb8 25. Bf2 Nc5 26. b4 Nce4 27. Qe3 Qb7 28. Qa7+ Qxa7 29. Bxa7+ Kb7 30. Bd4 Nxc3 31. Bxc3 d5 32. c5 Ne8 33. Bxg7 Nxg7 34. Nd4 Nh5 35. g3 Nf6 36. a4 Bf7 37. b5 Ne4 38. Bxe4 fxe4 39. a5 Be8 40. Kf2 Bd7 41. Ke3 Bg4 42. a6+ Kb8 43. b6 Bd7 44. a7+ Ka8 45. c6 Be8 46. c7 Bd7 47. Nb5 Bc8 48. Nd6 d4+ 49. Kxd4 e3 50. Kxe3 Ba6 1-0

[Event "Uljanovsk op"]
[Site "Uljanovsk"]
[Date "2008.02.04"]
[Round "6"]
[White "Shaklein, Alexander"]
[Black "Abdulyazanov, Malik"]
[Result "1/2-1/2"]
[WhiteElo "2225"]
[BlackElo "2361"]
[PlyCount "126"]
[EventDate "2008.02.01"]
[EventType "swiss"]
[EventRounds "9"]
[EventCountry "RUS"]
[SourceTitle "EXT 2009"]
[Source "ChessBase"]
[SourceDate "2008.11.26"]
[SourceVersion "1"]
[SourceVersionDate "2008.11.26"]
[SourceQuality "1"]

1. d4 Nf6 2. c4 e6 3. g3 d5 4. Nf3 Be7 5. Bg2 0-0 6. Qc2 dxc4 7. Qxc4 a6 8. Qc2 b5 9. Ne5 Nd5 10. 0-0 Bb7 11. a3 c5 12. dxc5 Qc7 13. Nd3 Nd7 14. b4 a5 15. Bb2 axb4 16. axb4 Rxa1 17. Bxa1 Ra8 18. Nc3 Nxc3 19. Bxc3 Bxg2 20. Kxg2 Nf6 21. Ra1 Rd8 22. Kg1 h5 23. Be5 Qc6 24. Ra7 Kf8 25. Qb2 Qe4 26. f3 Qc4 27. Ra1 Qd5 28. Qa2 Qc4 29. Qxc4 bxc4 30. Nb2 Nd5 31. Nxc4 Nxb4 32. Bd6 Bxd6 33. Nxd6 f6 34. Ra7 Nc6 35. Rf7+ Kg8 36. Rc7 Nd4 37. Kf2 Ra8 38. Ke3 Nc2+ 39. Kd3 Ra2 40. Rc8+ Kh7 41. Kc4 Ne3+ 42. Kb5 Rb2+ 43. Kc6 Rxe2 44. Kd7 Nd5 45. Re8 Rxh2 46. Rxe6 Rf2 47. f4 h4 48. gxh4 Rxf4 49. Re4 Rxe4 50. Nxe4 f5 51. Nd6 f4 52. Ke6 f3 53. Ne4 Nc7+ 54. Kf5 g6+ 55. Kf4 Kh6 56. Kxf3 Ne6 57. Kg4 Nd4 58. Nc3 Nc6 59. Nd5 Ne5+ 60. Kg3 g5 61. Ne7 gxh4+ 62. Kxh4 Kg7 63. Nd5 Kf7 1/2-1/2

[Event "Uljanovsk op"]
[Site "Uljanovsk"]
[Date "2008.02.02"]
[Round "2"]
[White "Chernova, Anastasia"]
[Black "Abdulyazanov, Malik"]
[Result "0-1"]
[WhiteElo "2185"]
[BlackElo "2361"]
[PlyCount "149"]
[EventDate "2008.02.01"]
[EventType "swiss"]
[EventRounds "9"]
[EventCountry "RUS"]
[SourceTitle "EXT 2009"]
[Source "ChessBase"]
[SourceDate "2008.11.26"]
[SourceVersion "1"]
[SourceVersionDate "2008.11.26"]
[SourceQuality "1"]

1. d4 Nf6 2. Nf3 g6 3. c4 Bg7 4. g3 0-0 5. Bg2 d5 6. Nc3 Nc6 7. 0-0 dxc4 8. d5 Nb4 9. e4 e6 10. Qa4 a5 11. a3 Bd7 12. Qd1 Nd3 13. Ne1 Nxc1 14. Rxc1 exd5 15. exd5 Re8 16. a4 Ra6 17. Nc2 Rb6 18. Na3 Rxb2 19. Nxc4 Rb4 20. Nxa5 Qa8 21. Nb3 Bxa4 22. Nxa4 Qxa4 23. Nc5 Qb5 24. Re1 Rd8 25. Re7 Ne8 26. Qf3 Bf6 27. Bf1 Qxf1+ 28. Kxf1 Bxe7 29. Qe3 Bxc5 30. Rxc5 Rb1+ 31. Kg2 b6 32. Qe7 bxc5 33. Qxd8 Kf8 34. Qh4 Rb4 35. Qh6+ Kg8 36. Qe3 Nd6 37. Qxc5 Rc4 38. Qe3 h5 39. Qe7 Rc2 40. Qd8+ Kg7 41. Qe7 Rc5 42. h4 Rc4 43. Kg1 Nf5 44. Qe5+ Kf8 45. Kg2 Nd6 46. Kg1 Re4 47. Qc3 Rc4 48. Qe5 Rb4 49. Kg2 Rb6 50. Qf6 Ne8 51. Qe5 Rd6 52. Qh8+ Ke7 53. Qe5+ Kd7 54. Qf4 Nf6 55. Qf3 Ke7 56. Qf4 Nxd5 57. Qe5+ Kd7 58. Qg7 Ke6 59. f4 Nf6 60. Qf8 c6 61. Qc8+ Ke7 62. Qb7+ Nd7 63. Qb4 f5 64. Qc3 c5 65. Kf3 Kd8 66. Qa5+ Kc8 67. Qa8+ Kc7 68. Qa7+ Kc6 69. Qa6+ Nb6 70. Qe2 c4 71. Qe5 Nd5 72. Qd4 Nb6 73. Qe5 Nd5 74. Qd4 Nb6 75. Qe5 0-1

[Event "Kazan Region-ch 6th"]
[Site "Kazan"]
[Date "2008.01.31"]
[Round "9"]
[White "Bukavshin, Ivan"]
[Black "Abdulyazanov, Malik"]
[Result "1-0"]
[WhiteElo "2255"]
[BlackElo "2361"]
[PlyCount "99"]
[EventDate "2008.01.23"]
[EventType "swiss"]
[EventRounds "9"]
[EventCountry "RUS"]
[SourceTitle "CBM 122 Extra"]
[Source "ChessBase"]
[SourceDate "2008.03.04"]
[SourceVersion "1"]
[SourceVersionDate "2008.03.04"]
[SourceQuality "1"]

1. d4 d5 2. c4 e6 3. Nc3 Nf6 4. Nf3 Be7 5. cxd5 exd5 6. Bg5 c6 7. e3 Bf5 8. Bxf6 Bxf6 9. Bd3 Bxd3 10. Qxd3 0-0 11. 0-0-0 Nd7 12. g4 b5 13. Kb1 Re8 14. h4 g6 15. g5 Bg7 16. h5 Qe7 17. Rh4 a5 18. Rdh1 Nf8 19. Ne2 a4 20. Ng3 a3 21. b3 Rac8 22. hxg6 fxg6 23. e4 b4 24. e5 c5 25. Ne2 Qb7 26. Nd2 cxd4 27. f4 Rc5 28. Nf3 Rec8 29. Nfxd4 R8c7 30. Rd1 Qb8 31. Rhh1 Qe8 32. Qd2 Qb8 33. Rc1 Qb6 34. Rxc5 Rxc5 35. Nc2 Ne6 36. Nxb4 d4 37. Nd3 Qc6 38. Rd1 Qe4 39. Ng3 Qd5 40. Nxc5 Qxc5 41. Ne2 h6 42. Nxd4 Nf8 43. Qc2 Qa7 44. Qc4+ Kh7 45. gxh6 Bxh6 46. Rh1 Qb7 47. Qc6 Qf7 48. f5 Qa7 49. fxg6+ Nxg6 50. Nf5 1-0

[Event "Uljanovsk Bagirov Memorial"]
[Site "Uljanovsk"]
[Date "2007.08.23"]
[Round "8"]
[White "Abdulyazanov, Malik"]
[Black "Balashov, Vladimir"]
[Result "1/2-1/2"]
[WhiteElo "2305"]
[BlackElo "2313"]
[PlyCount "80"]
[EventDate "2007.08.12"]
[EventType "swiss"]
[EventRounds "9"]
[EventCountry "RUS"]
[SourceTitle "EXT 2009"]
[Source "ChessBase"]
[SourceDate "2008.11.26"]
[SourceVersion "1"]
[SourceVersionDate "2008.11.26"]
[SourceQuality "1"]

1. e4 e5 2. Nf3 Nc6 3. d4 exd4 4. Nxd4 g6 5. Nc3 Bg7 6. Be3 Nf6 7. Bc4 0-0 8. f3 Ne5 9. Bb3 c5 10. Nde2 c4 11. Bd4 Nxe4 12. Nxe4 d5 13. N4c3 cxb3 14. axb3 Be6 15. 0-0 a6 16. Qd2 Qh4 17. Ra4 b5 18. Bf2 Qe7 19. Ra2 Rfd8 20. Nd4 Qb7 21. Re1 Re8 22. Nce2 Rad8 23. Nf4 Bc8 24. Raa1 Qc7 25. Re2 Bb7 26. Rae1 Qd7 27. h3 h5 28. Nd3 Nxd3 29. Qxd3 Bc8 30. b4 Rxe2 31. Qxe2 Qc7 32. c3 Bd7 33. Qd2 a5 34. bxa5 Qxa5 35. Qf4 Qa8 36. Re7 Be8 37. Ne6 Qb8 38. Qg5 fxe6 39. Rxg7+ Kxg7 40. Bd4+ Kf8 1/2-1/2

[Event "Uljanovsk Petrosian Memorial op"]
[Site "Uljanovsk"]
[Date "2007.06.19"]
[Round "5"]
[White "Abdulyazanov, Malik"]
[Black "Kudriashov, Anatoli"]
[Result "1-0"]
[WhiteElo "2305"]
[BlackElo "2304"]
[PlyCount "59"]
[EventDate "2007.06.16"]
[EventType "swiss"]
[EventRounds "9"]
[EventCountry "RUS"]
[SourceTitle "EXT 2022"]
[Source "ChessBase"]
[SourceDate "2021.10.06"]
[SourceVersion "1"]
[SourceVersionDate "2021.10.06"]
[SourceQuality "1"]

1. e4 c5 2. Nf3 e6 3. d4 cxd4 4. Nxd4 Nc6 5. Nc3 d6 6. Be3 Nf6 7. Qd2 a6 8. 0-0-0 Qc7 9. f3 Ne5 10. g4 h6 11. h4 Bd7 12. Rg1 g6 13. g5 hxg5 14. hxg5 Nh5 15. f4 Nc4 16. Bxc4 Qxc4 17. f5 0-0-0 18. f6 Kb8 19. Nf3 Rc8 20. Qf2 Be8 21. Ba7+ Ka8 22. Bb6 Qc6 23. Nh4 Qd7 24. Rd3 d5 25. exd5 e5 26. Rh1 Rg8 27. Rhd1 Nf4 28. Rg3 Bb4 29. d6 Qe6 30. Bc7 1-0